ბათუმის შოთა რუსთაველის სახელმწიფო უნივერსიტეტის ბიბლიოთეკა

ბალახოვან დეკორაციულ მცენარეთა მავნებელ–ავადმყოფობანი და მათ წინააღმდეგ ბრძოლა თბილისსა და მის შემოგარენში. (ბიბ.ჩანაწერი № 44737)

000 -LEADER
fixed length control field 01114nam a2200205Ia 4500
001 - CONTROL NUMBER
control field 11542
003 - CONTROL NUMBER IDENTIFIER
control field GE_BSU
008 - FIXED-LENGTH DATA ELEMENTS--GENERAL INFORMATION
fixed length control field 181216s||||||||xx |||||||||||||| ||und||
040 ## - CATALOGING SOURCE
Transcribing agency GE_BSU
080 ## - UNIVERSAL DECIMAL CLASSIFICATION NUMBER
Universal Decimal Classification number 635.964:632.7+635.964.632.2/4
100 ## - MAIN ENTRY--PERSONAL NAME
Personal name ბაღათურია,ვ.
245 ## - TITLE STATEMENT
Title ბალახოვან დეკორაციულ მცენარეთა მავნებელ–ავადმყოფობანი და მათ წინააღმდეგ ბრძოლა თბილისსა და მის შემოგარენში.
245 ## - TITLE STATEMENT
Statement of responsibility, etc. რედ:გ.ყანჩაველი.
260 ## - PUBLICATION, DISTRIBUTION, ETC.
Place of publication, distribution, etc. თბილისი.
260 ## - PUBLICATION, DISTRIBUTION, ETC.
Name of publisher, distributor, etc. მეცნიერება.
260 ## - PUBLICATION, DISTRIBUTION, ETC.
Date of publication, distribution, etc. 1973.
300 ## - PHYSICAL DESCRIPTION
Extent 202გვ.22სმ.
653 ## - INDEX TERM--UNCONTROLLED
Uncontrolled term ბალახოვან დეკორაციულ მცენარეთა მავნებელ–ავადმყოფობანი და მათ წინააღმდეგ ბრძოლა თბილისსა და მის შემოგარენში.
942 ## - ADDED ENTRY ELEMENTS (KOHA)
Koha item type წიგნი
ეგზემპლარები
Withdrawn status Lost status Damaged status Not for loan Date acquired Barcode Date last seen Price effective from Koha item type
        2018-12-17 19708 2018-12-17 2018-12-17 წიგნი